Visualizzazione normale
Vista MARC
- Assemblea Intercapitolare SSP
di Personal Name
Records bibliografici associati: 3
001 - CONTROL NUMBER
- control field: 479
003 - CONTROL NUMBER IDENTIFIER
- control field: IT-RoPau
005 - DATE AND TIME OF LATEST TRANSACTION
- control field: 20130321113220.0
008 - FIXED-LENGTH DATA ELEMENTS
- fixed length control field: 130321|| aca||aabn | a|a d
040 ## - CATALOGING SOURCE
- Original cataloging agency: IT-RoPau
- Transcribing agency: IT-RoPau
100 ## - HEADING--PERSONAL NAME
- Personal name: Assemblea Intercapitolare SSP
670 ## - SOURCE DATA FOUND
- Source citation: Work cat.: (IT-RoPau)24605: Assemblea Intercapitolare SSP, "Assemblea Intercapitolare della Società San Paolo. Sao Paulo (Brasile, 1/16 aprile 1989.", 1989